Pays du monde contenant quatre E - Statistiques

Statistiques générales
  • Ce quiz a été pris 131 fois
  • Le résultat moyen est 5 sur 9
Statistiques - réponses
Pays % Correct
République démocratique du Congo
68%
Papouasie-Nouvelle-Guinée
65%
Saint-Vincent-et-les-Grenadines
64%
Guinée équatoriale
60%
Saint-Christophe-et-Niévès
60%
République Centrafricaine
59%
République tchèque
57%
Nouvelle-Zélande
52%
Bosnie-Herzégovine
21%
Aucun quiz correspondant
Distribution des résultats
% des personnes avec chaque résultat
Percentile par nombre de réponses
Votre historique - résultats
Vous n’avez pas pris ce quiz